[Event "SPICE Cup Open 2018"]
[Site "Saint Louis USA"]
[Date "2018.10.23"]
[Round "1.1"]
[White "Cori, Jorge"]
[Black "Wang, Justin"]
[Result "1-0"]
[WhiteTitle "GM"]
[BlackTitle "FM"]
[WhiteElo "2664"]
[BlackElo "2377"]
[WhiteFideId "3802272"]
[BlackFideId "30911370"]
[EventDate "2018.10.23"]
[EventType "swiss"]

1. d4 Nf6 2. c4 e6 3. Nf3 b6 4. e3 Bb7 5. Bd3 d5 6. O-O Bd6 7. Nc3 O-O 8. Qc2 a6
9. e4 dxe4 10. Nxe4 Nxe4 11. Bxe4 Bxe4 12. Qxe4 Nd7 13. Rd1 h6 14. Be3 Qe7 15.
h3 Nf6 16. Qc2 c5 17. a4 Rfb8 18. Qe2 cxd4 19. Bxd4 Bc5 20. Bc3 a5 21. Ne5 Qb7
22. Rd3 Rd8 23. Rad1 Rxd3 24. Rxd3 Qe4 25. Kf1 Qf4 26. g3 Qe4 27. f3 Qb7 28. b3
Qc7 29. Qd1 Bf8 30. Kg2 Be7 31. h4 Rc8 32. Nd7 Ne8 33. Be5 Qb7 34. Bf4 Rc6 35.
Nb8 Nf6 36. Nxc6 Qxc6 37. Bd6 Bd8 38. Qd2 Ne8 39. Be5 Be7 40. Rd7 Bf8 41. Rd8 f6
42. Bb2 Bc5 43. Bd4 Be7 44. Rb8 Bd6 45. Rxb6 Qc7 46. Qe1 e5 47. Bf2 Bb4 48. Qe4
Qc8 49. c5 Kf8 50. Qd5 Qf5 51. Rb7 Qg6 52. Qe6 h5 53. Qe7+ Kg8 54. Rb8 1-0

[Event "SPICE Cup Open 2018"]
[Site "Saint Louis USA"]
[Date "2018.10.23"]
[Round "1.2"]
[White "Kiewra, Keaton"]
[Black "Bruzon Batista, Lazaro"]
[Result "0-1"]
[WhiteTitle "IM"]
[BlackTitle "GM"]
[WhiteElo "2375"]
[BlackElo "2653"]
[WhiteFideId "2019280"]
[BlackFideId "3503739"]
[EventDate "2018.10.23"]
[EventType "swiss"]

1. Nf3 Nf6 2. c4 e6 3. g3 d5 4. d4 Bb4+ 5. Bd2 Be7 6. Bg2 O-O 7. O-O Nbd7 8. Qc2
Ne4 9. Nc3 Nxd2 10. Nxd2 c6 11. e4 dxc4 12. Nxc4 Nb6 13. Ne2 Nxc4 14. Qxc4 Qb6
15. Rab1 a5 16. Rfd1 Rd8 17. e5 Bd7 18. Rd3 Be8 19. h4 Rac8 20. Rb3 Qc7 21. Rc1
Qb8 22. Qc2 b5 23. Rc3 c5 24. dxc5 b4 25. Rc4 Bb5 26. c6 Bxc4 27. Qxc4 Qxe5 28.
Rc2 g6 29. Bf3 Bd6 30. Nd4 Qf6 31. Kg2 Bxg3 32. Nxe6 Qxe6 33. Qxe6 fxe6 34. Kxg3
Rc7 35. Be4 Kf7 36. b3 Ke7 37. h5 gxh5 38. Rc5 h4+ 39. Kf3 Rd2 40. Rxa5 Kd6 41.
Ke3 Rb2 42. Rb5 h3 43. Rxb4 Rxa2 44. Rd4+ Ke7 45. Rd3 h2 46. Rd1 Rb2 47. Rh1
Rxb3+ 48. Kd4 Rb4+ 49. Ke3 Rb3+ 50. Kd4 Rh3 51. Kc5 Rc8 52. Rb1 Rh5+ 53. Kd4 Kd6 0-1

[Event "SPICE Cup Open 2018"]
[Site "Saint Louis USA"]
[Date "2018.10.23"]
[Round "1.3"]
[White "Bok, Benjamin"]
[Black "Grabinsky, Aaron"]
[Result "1/2-1/2"]
[WhiteTitle "GM"]
[WhiteElo "2639"]
[BlackElo "2375"]
[WhiteFideId "1017063"]
[BlackFideId "2087090"]
[EventDate "2018.10.23"]
[EventType "swiss"]

1. d4 Nf6 2. c4 e6 3. Nf3 Bb4+ 4. Nbd2 O-O 5. a3 Be7 6. e4 d6 7. Be2 a5 8. Qc2
Nfd7 9. b3 e5 10. Bb2 exd4 11. Nxd4 Nc6 12. N2f3 Bf6 13. O-O Re8 14. Rad1 Nxd4
15. Nxd4 Nc5 16. Bf3 Bd7 17. g3 g6 18. Rfe1 Qe7 19. Bg2 Qf8 20. Bc3 Qg7 21. Ne2
Bg4 22. f3 Be6 23. Bxf6 Qxf6 24. Nc3 h5 25. f4 Rad8 26. Nd5 Bxd5 27. cxd5 a4 28.
b4 Nb3 29. Qxc7 Qb2 30. e5 Rc8 31. Qd7 Red8 32. e6 Qf6 33. exf7+ Kg7 34. Qh3 Nd4
35. Re4 Nf5 36. g4 hxg4 37. Qxg4 Qxf7 38. Re6 Rh8 39. Qe2 Rh4 40. Qb2+ Kh7 41.
Rde1 Rxf4 42. Qd2 Rcc4 43. h3 Qg7 44. Kh2 Qc3 45. Qxc3 Rxc3 46. Be4 Rxa3 47.
Bxf5 Rf2+ 48. Kg1 Rxf5 49. Rxd6 Rxh3 50. Kg2 Rb3 51. Re7+ Kh6 52. Rxb7 a3 1/2-1/2

[Event "SPICE Cup Open 2018"]
[Site "Saint Louis USA"]
[Date "2018.10.23"]
[Round "1.4"]
[White "Wang, Tianqi"]
[Black "Durarbayli, Vasif"]
[Result "1-0"]
[BlackTitle "GM"]
[WhiteElo "2346"]
[BlackElo "2629"]
[WhiteFideId "2063824"]
[BlackFideId "13402935"]
[EventDate "2018.10.23"]
[EventType "swiss"]

1. d4 Nf6 2. Nf3 c5 3. c3 g6 4. e3 Bg7 5. Be2 O-O 6. dxc5 a5 7. Nbd2 Qc7 8. O-O
Na6 9. a4 Nxc5 10. Nd4 d5 11. Nb5 Qb6 12. b4 Nce4 13. Bb2 Nxd2 14. Qxd2 Rd8 15.
Rfd1 Bg4 16. Bxg4 Nxg4 17. Qe2 Ne5 18. bxa5 Qxa5 19. Ba3 Nc6 20. Qb2 e6 21. Bc5
Ne5 22. Bd4 Nc4 23. Qb3 Rdc8 24. Bxg7 Kxg7 25. h3 Nb6 26. Rd4 Rc4 27. Nd6 Qxc3
28. Qxc3 Rxc3 29. Nxb7 Rc7 30. Nd6 Rca7 31. Rb4 Nxa4 32. Rc1 Rd7 33. Nc8 Rd8 34.
Ne7 Rdb8 35. Nc6 Rxb4 36. Nxb4 Nb2 37. Rc7 Ra1+ 38. Kh2 h5 39. g4 hxg4 40. hxg4
g5 41. Rb7 Nd1 42. Nd3 Ra2 43. Kg1 Kf6 44. Rb3 Ra4 45. Kf1 Rc4 46. Rb4 Rc7 47.
Rb1 Nc3 48. Rc1 Ke7 49. f3 Kd6 50. Ke1 Rc4 51. Kd2 Nb5 52. Rb1 Na3 53. Rb6+ Kc7
54. Rb3 Rc2+ 55. Kd1 Ra2 56. Rc3+ Kd6 57. Nb4 Ra1+ 58. Rc1 Rxc1+ 59. Kxc1 Nc4
60. Nc2 Ne5 61. Ne1 Kc5 62. Kd2 Kb4 63. Nc2+ Kc5 64. Ke2 Nc6 65. Ne1 Kc4 66. Nd3
f6 67. Nb2+ Kb5 68. Nd3 Nb4 69. Nf2 Kc4 70. Nh1 Kc3 71. Ng3 Kc2 72. Nh5 e5 73.
Nxf6 d4 74. exd4 exd4 75. Ne4 d3+ 76. Ke3 Nd5+ 77. Kd4 d2 78. Nxd2 Nf6 79. Ne4
Nh7 80. Nxg5 Nxg5 81. f4 Nf7 82. g5 Kd2 83. g6 Nh6 84. Ke5 Ke3 85. f5 Ng4+ 86.
Ke6 1-0

[Event "SPICE Cup Open 2018"]
[Site "Saint Louis USA"]
[Date "2018.10.23"]
[Round "1.5"]
[White "Lenderman, Aleksandr"]
[Black "Williams, Justus"]
[Result "1-0"]
[WhiteTitle "GM"]
[BlackTitle "FM"]
[WhiteElo "2626"]
[BlackElo "2344"]
[WhiteFideId "2021285"]
[BlackFideId "2049929"]
[EventDate "2018.10.23"]
[EventType "swiss"]

1. Nf3 d5 2. e3 g6 3. c4 e6 4. g3 Bg7 5. Bg2 Ne7 6. d4 Nbc6 7. O-O O-O 8. Na3 a5
9. Bd2 b6 10. Qb3 Ba6 11. Rfd1 Qd7 12. Rac1 Rfd8 13. cxd5 exd5 14. Nb5 h6 15. a4
Rac8 16. h4 Kh8 17. Kh2 Ng8 18. Ne5 Nxe5 19. dxe5 Bxe5 20. Bc3 Bg7 21. Bxg7+
Kxg7 22. Rxd5 Qe6 23. Nxc7 Rxc7 24. Rxc7 Nf6 25. Rc6 Rxd5 26. Rxe6 Ng4+ 27. Kg1 1-0

[Event "SPICE Cup Open 2018"]
[Site "Saint Louis USA"]
[Date "2018.10.23"]
[Round "1.6"]
[White "Peng, David"]
[Black "Nyzhnyk, Illya"]
[Result "1/2-1/2"]
[WhiteTitle "FM"]
[BlackTitle "GM"]
[WhiteElo "2341"]
[BlackElo "2626"]
[WhiteFideId "2059355"]
[BlackFideId "14118084"]
[EventDate "2018.10.23"]
[EventType "swiss"]

1. e4 c6 2. d4 d5 3. exd5 cxd5 4. Bd3 Nc6 5. c3 Qc7 6. Ne2 Bg4 7. O-O e6 8. Qe1
Bd6 9. f3 Bf5 10. Bxf5 exf5 11. Bf4 Nge7 12. Qg3 O-O-O 13. Na3 h5 14. Bxd6 Qxd6
15. f4 h4 16. Qh3 g6 17. Nc2 Ng8 18. Ne3 Nf6 19. Nc1 Ne4 20. Nd3 f6 21. Rfd1
Rde8 22. a3 Na5 23. Rac1 Nc4 24. Re1 a5 25. Rc2 Kd8 26. Rce2 b6 27. Nc2 Ke7 28.
Ne3 Kf7 29. Nc2 Kg7 30. Ne3 Re7 31. Nf1 Rhe8 32. Ne3 Ned2 33. Nxc4 dxc4 34. Ne5
fxe5 35. fxe5 Qd8 36. Rxd2 Rxe5 37. dxe5 Qxd2 38. Qxh4 g5 39. Qf2 Qxf2+ 40. Kxf2
Kf7 41. Re2 Ke6 42. Rd2 Rb8 43. Rd4 b5 44. h4 gxh4 45. Rxh4 Kxe5 46. Rd4 Ke6 47.
Kf3 a4 48. g4 fxg4+ 49. Rxg4 Kd5 1/2-1/2

[Event "SPICE Cup Open 2018"]
[Site "Saint Louis USA"]
[Date "2018.10.23"]
[Round "1.7"]
[White "Prohaszka, Peter2"]
[Black "Colas, Joshua"]
[Result "1-0"]
[WhiteTitle "GM"]
[BlackTitle "FM"]
[WhiteElo "2626"]
[BlackElo "2334"]
[WhiteFideId "726265"]
[BlackFideId "2044447"]
[EventDate "2018.10.23"]
[EventType "swiss"]

1. d4 Nf6 2. Nf3 e6 3. Bf4 d5 4. e3 c5 5. Nbd2 Bd6 6. Bg3 O-O 7. c3 Qc7 8. dxc5
Qxc5 9. Bd3 Nbd7 10. Qe2 h6 11. Rd1 Bxg3 12. hxg3 e5 13. e4 dxe4 14. Bxe4 Rb8
15. O-O Re8 16. Rfe1 Nb6 17. Nh2 Be6 18. Bc2 Qc6 19. Bb3 Bxb3 20. axb3 Rbd8 21.
Nhf3 Nfd7 22. Ne4 Re6 23. Nh4 Rde8 24. Nf5 Nf6 25. Nxf6+ Rxf6 26. Qg4 g6 27. Ne3
Kg7 28. Rd2 e4 29. Red1 Qb5 30. b4 h5 31. Qe2 Qg5 32. Nd5 Nxd5 33. Rxd5 Re5 34.
f4 1-0

[Event "SPICE Cup Open 2018"]
[Site "Saint Louis USA"]
[Date "2018.10.23"]
[Round "1.8"]
[White "Moon, Benjamin"]
[Black "Shimanov, Aleksandr"]
[Result "0-1"]
[BlackTitle "GM"]
[WhiteElo "2304"]
[BlackElo "2626"]
[WhiteFideId "2064847"]
[BlackFideId "4198603"]
[EventDate "2018.10.23"]
[EventType "swiss"]

1. d4 Nf6 2. Bf4 g6 3. e3 Bg7 4. Nf3 d6 5. h3 O-O 6. c3 b6 7. Bh2 Bb7 8. Be2 c5
9. O-O Nbd7 10. a4 a6 11. Nbd2 Ra7 12. Qb3 Qa8 13. Rfd1 Bc6 14. Qa3 Rc8 15. Ne1
Qb7 16. Nb3 Raa8 17. Rac1 Bh6 18. c4 cxd4 19. Nxd4 Be4 20. b4 a5 21. b5 e5 22.
Nb3 Bf8 23. Nd2 Bf5 24. Bf3 e4 25. Be2 Nc5 26. Nb3 Rd8 27. Nd4 Bd7 28. Qa2 Qc7
29. Rd2 Re8 30. Rcd1 Rad8 31. g4 h6 32. Ng2 g5 33. Bg3 Nh7 34. Nc2 Nb7 35. Nd4
Bg7 36. Nb3 Be5 37. Bxe5 Rxe5 38. Qa1 Rde8 39. Qa3 Nf6 40. Nd4 h5 41. Nc6 hxg4
42. Nxe5 dxe5 43. hxg4 Kg7 44. f4 exf3 45. Bxf3 e4 46. Be2 Rh8 47. Rxd7 Nxd7 48.
Qe7 Qh2+ 49. Kf2 Nf6 50. Qxb7 Rh3 51. Qxb6 Qg3+ 52. Kg1 Rh2 53. Bf1 Nxg4 54.
Qd4+ Kg8 0-1

[Event "SPICE Cup Open 2018"]
[Site "Saint Louis USA"]
[Date "2018.10.23"]
[Round "1.9"]
[White "Quesada Perez, Yuniesky"]
[Black "Betaneli, Alexander"]
[Result "0-1"]
[WhiteTitle "GM"]
[BlackTitle "FM"]
[WhiteElo "2622"]
[BlackElo "2272"]
[WhiteFideId "3504409"]
[BlackFideId "2012359"]
[EventDate "2018.10.23"]
[EventType "swiss"]

1. e4 e5 2. Nf3 Nc6 3. Bb5 a6 4. Ba4 d6 5. c4 Bd7 6. Nc3 Nge7 7. d3 Nd4 8. Bxd7+
Qxd7 9. Nxd4 exd4 10. Ne2 Nc6 11. Ng3 g6 12. O-O Bg7 13. f4 O-O 14. Bd2 Ne7 15.
f5 Nc6 16. f6 Bh8 17. Bg5 Ne5 18. Rf4 Rfe8 19. Qe2 b5 20. b3 bxc4 21. bxc4 Qa4
22. Raf1 Qa3 23. R4f3 Re6 24. Nf5 gxf5 25. exf5 Rxf6 26. Rg3 Kf8 27. Qh5 Ke7 28.
Qxh7 Qxa2 29. Qh6 Rb8 30. h3 Qe2 31. Ra1 a5 32. Kh2 Qf2 33. c5 dxc5 34. Qh4 Qxf5
35. Rxa5 Kd6 36. Bxf6 Bxf6 37. Qh6 Ng6 38. Qc1 Qe5 39. Ra6+ Rb6 40. Rxb6+ cxb6
41. Qb2 Bh4 42. Qxb6+ Ke7 0-1

[Event "SPICE Cup Open 2018"]
[Site "Saint Louis USA"]
[Date "2018.10.23"]
[Round "1.10"]
[White "Ghazarian, Kirk"]
[Black "Gledura, Benjamin"]
[Result "0-1"]
[BlackTitle "GM"]
[WhiteElo "2222"]
[BlackElo "2621"]
[WhiteFideId "30908604"]
[BlackFideId "712779"]
[EventDate "2018.10.23"]
[EventType "swiss"]

1. d4 Nf6 2. c4 g6 3. g3 Bg7 4. Bg2 O-O 5. Nc3 d6 6. Nf3 Nbd7 7. O-O e5 8. e4 c6
9. h3 Qb6 10. Re1 exd4 11. Nxd4 Re8 12. Nc2 Ne5 13. b3 Qa5 14. Bd2 Qc7 15. f4
Nd3 16. Re3 Nc5 17. Qf1 a5 18. Rc1 Qb6 19. Kh2 Nfd7 20. Rce1 Nf8 21. Nd1 Na6 22.
Nc3 Qc7 23. Kh1 Nb4 24. Nxb4 axb4 25. Na4 c5 26. Bf3 Bd7 27. Bd1 Bd4 28. Rf3 Bc6
29. Bc2 Re7 30. f5 Rae8 31. fxg6 hxg6 32. Rf4 Be5 33. Rf3 Ne6 34. Be3 Nd4 35.
Bxd4 Bxd4 36. Rf4 f5 37. Qg2 fxe4 38. Bxe4 Rxe4 39. Rexe4 Rxe4 40. Rxe4 Qf7 41.
Kh2 Qf5 42. Rf4 Qd3 43. Rxd4 Qxd4 44. Qe2 Qe4 45. Qf1 Qc2+ 46. Kg1 Qxa2 47. Nb6
Qxb3 48. Qe1 Qf3 49. Qe6+ Kh8 0-1

[Event "SPICE Cup Open 2018"]
[Site "Saint Louis USA"]
[Date "2018.10.23"]
[Round "1.11"]
[White "Cordova, Emilio"]
[Black "Watson, John"]
[Result "1-0"]
[WhiteTitle "GM"]
[BlackTitle "IM"]
[WhiteElo "2609"]
[BlackElo "2203"]
[WhiteFideId "3801497"]
[BlackFideId "2000768"]
[EventDate "2018.10.23"]
[EventType "swiss"]

1. Nf3 c5 2. c4 Nc6 3. Nc3 e5 4. g3 g6 5. a3 Bg7 6. Bg2 Nge7 7. O-O O-O 8. b4 d5
9. cxd5 Nxd5 10. Nxd5 Qxd5 11. Ng5 Qd4 12. Rb1 cxb4 13. axb4 Nxb4 14. d3 a5 15.
Ba3 Ra6 16. Nf3 Qd6 17. Nd2 b6 18. Nc4 Qc5 19. Qd2 Be6 20. Rfc1 Qe7 21. Ne3 Rd8
22. Nc2 Bd7 23. Bxb4 axb4 24. Nxb4 Ra7 25. Nd5 Qa3 26. Rxb6 Be6 27. Nc7 Bd7 28.
Rbb1 h6 29. h4 Qa5 30. Qxa5 Rxa5 31. Nd5 Bg4 32. Ne7+ 1-0

[Event "SPICE Cup Open 2018"]
[Site "Saint Louis USA"]
[Date "2018.10.23"]
[Round "1.12"]
[White "Daggupati, Balaji"]
[Black "Liang, Awonder"]
[Result "0-1"]
[WhiteTitle "FM"]
[BlackTitle "GM"]
[WhiteElo "2202"]
[BlackElo "2572"]
[WhiteFideId "2090759"]
[BlackFideId "2056437"]
[EventDate "2018.10.23"]
[EventType "swiss"]

1. e4 c6 2. Ne2 d5 3. e5 g6 4. d4 Bg7 5. g3 f6 6. f4 Nh6 7. Bg2 fxe5 8. dxe5 O-O
9. O-O g5 10. Nd4 gxf4 11. gxf4 Nf5 12. Nxf5 Bxf5 13. Be3 Na6 14. c3 Nc7 15. Nd2
Qe8 16. Nf3 Qh5 17. Qb3 b6 18. Nd4 Bh3 19. Bxh3 Qxh3 20. Rf3 Qh5 21. Rg3 c5 22.
Nb5 Nxb5 23. Qxb5 Qf5 24. Rd1 e6 25. Qd3 Kh8 26. Qxf5 Rxf5 27. b4 cxb4 28. cxb4
Rc8 29. Rc1 Rff8 30. Rxc8 Rxc8 31. Bd2 Rc2 32. Rc3 Rxc3 33. Bxc3 Bh6 34. Bd2 b5
35. Kf2 Kg7 36. Kf3 Kg6 37. Be3 Kf5 38. h3 a6 39. Bc1 Bf8 40. Bd2 Be7 41. Bc3
Bh4 42. a3 h5 43. Bd2 d4 44. Bc1 Be1 45. Ke2 Bc3 46. Kd3 h4 47. Kc2 Ke4 48. Kb3
Be1 49. Bb2 d3 0-1

[Event "SPICE Cup Open 2018"]
[Site "Saint Louis USA"]
[Date "2018.10.23"]
[Round "1.13"]
[White "Chandra, Akshat"]
[Black "Narayanan, Samrug"]
[Result "1-0"]
[WhiteTitle "GM"]
[WhiteElo "2471"]
[BlackElo "2145"]
[WhiteFideId "25006711"]
[BlackFideId "30914051"]
[EventDate "2018.10.23"]
[EventType "swiss"]

1. e4 e6 2. d4 d5 3. Nc3 Bb4 4. Ne2 dxe4 5. a3 Be7 6. Nxe4 Nf6 7. Nxf6+ Bxf6 8.
Be3 O-O 9. Qd2 b6 10. O-O-O Bb7 11. Nf4 Nd7 12. Kb1 Re8 13. d5 e5 14. Nh5 Be7
15. Bb5 a6 16. Bc6 Rb8 17. Qe2 g6 18. Bxb7 Rxb7 19. Qxa6 Rb8 20. Ng3 f5 21. Ne2
Bd6 22. Nc3 f4 23. Bc1 e4 24. Rhe1 Nc5 25. Qc4 Qg5 26. b4 Nb7 27. Nxe4 Qxg2 28.
Nf6+ 1-0

[Event "SPICE Cup Open 2018"]
[Site "Saint Louis USA"]
[Date "2018.10.23"]
[Round "1.14"]
[White "Yanayt, Eugene"]
[Black "Tang, Andrew"]
[Result "0-1"]
[WhiteTitle "FM"]
[BlackTitle "GM"]
[WhiteElo "2137"]
[BlackElo "2469"]
[WhiteFideId "2020165"]
[BlackFideId "2059630"]
[EventDate "2018.10.23"]
[EventType "swiss"]

1. d4 d5 2. c4 e6 3. Nf3 Nf6 4. g3 dxc4 5. Bg2 Nc6 6. O-O Rb8 7. e3 Be7 8. Qe2
b5 9. b3 Ba6 10. Rd1 Nd7 11. bxc4 bxc4 12. Ne5 Ncxe5 13. dxe5 Qc8 14. Bc6 Bb5
15. Rxd7 Bxc6 16. Rxe7+ Kxe7 17. Ba3+ Kd8 18. Qxc4 Qb7 19. Nc3 Kc8 20. Rd1 Bf3
21. Rd6 g5 22. e4 g4 23. Kf1 Rd8 24. Ke1 Rd7 25. Kd2 Qb6 26. Ke1 Qa5 27. Bc5
Bxe4 28. Ra6 Rb1+ 29. Ke2 Bd3+ 30. Ke3 Bxc4 0-1

[Event "SPICE Cup Open 2018"]
[Site "Saint Louis USA"]
[Date "2018.10.23"]
[Round "1.15"]
[White "Patel, Advait"]
[Black "Polgar-Shutzman, Tom"]
[Result "1/2-1/2"]
[WhiteTitle "IM"]
[WhiteElo "2461"]
[BlackElo "2130"]
[WhiteFideId "2075105"]
[BlackFideId "2064880"]
[EventDate "2018.10.23"]
[EventType "swiss"]

1. Nf3 Nf6 2. g3 g6 3. Bg2 Bg7 4. O-O O-O 5. d4 d5 6. c4 c6 7. Nbd2 Bf5 8. b3
Ne4 9. Bb2 Nd7 10. Rc1 Ndf6 11. e3 Bg4 12. h3 Nxd2 13. Qxd2 Bxf3 14. Bxf3 Qd7
15. Bg2 Rfd8 16. Qe2 e6 17. Rc2 Qe7 18. Bc3 Ne8 19. Rfc1 Rd7 20. a4 Nc7 21. Ba5
Ne8 22. Qe1 Nf6 23. Bb4 Qe8 24. Bc3 Rc8 25. Bb2 Qe7 26. b4 Rdc7 27. Bf1 dxc4 28.
Rxc4 Nd5 29. Rc5 Bf8 30. b5 cxb5 31. Rxc7 Rxc7 32. axb5 Qb4 33. Qe2 Rxc1 34.
Bxc1 Nc7 35. Bd2 Qb2 36. Ba5 Qxe2 37. Bxe2 Bd6 38. e4 Na8 39. Kf1 e5 40. Bc3 f6
41. Bc4+ Kf8 42. dxe5 fxe5 43. Ke2 Nb6 44. Bb3 Nd7 45. Bd5 a6 46. Bxb7 axb5 47.
Bc6 Nc5 48. f4 exf4 49. e5 Be7 50. gxf4 Ne6 51. Ke3 b4 52. Bb2 Bc5+ 53. Ke4 Be7 1/2-1/2

[Event "SPICE Cup Open 2018"]
[Site "Saint Louis USA"]
[Date "2018.10.23"]
[Round "1.16"]
[White "Eckert, Doug"]
[Black "Wang, Kevin"]
[Result "0-1"]
[WhiteTitle "FM"]
[BlackTitle "IM"]
[WhiteElo "2124"]
[BlackElo "2447"]
[WhiteFideId "2001993"]
[BlackFideId "2008424"]
[EventDate "2018.10.23"]
[EventType "swiss"]

1. e4 d6 2. d4 Nf6 3. Nc3 g6 4. Bg5 c6 5. Qe2 Bg7 6. O-O-O O-O 7. e5 dxe5 8.
dxe5 Nd5 9. Nxd5 cxd5 10. f4 Nc6 11. Nf3 Bf5 12. Qb5 a6 13. Qb3 Rc8 14. Bd3 Be6
15. Qa3 Qc7 16. Rhe1 Rfe8 17. Kb1 b5 18. c3 Qb6 19. Nd4 Nxd4 20. cxd4 Bg4 21.
Be2 Bf5+ 22. Bd3 b4 23. Qb3 Bg4 24. Be2 Bxe2 25. Rxe2 Rc4 26. Qd3 e6 27. g4 Rec8
28. h4 h6 29. Be7 Qc7 30. Bc5 Bf8 31. h5 Bxc5 32. dxc5 Qxc5 33. Ree1 Rxf4 34.
hxg6 Qc4 35. gxf7+ Kg7 36. Qd2 Re4 37. Rf1 Re2 38. Qd3 Qxd3+ 39. Rxd3 Rf8 40.
Rdf3 Rxe5 41. Kc2 Re4 42. Rf6 a5 43. Kb3 e5 44. R6f5 Rxg4 45. Rxe5 Rxf7 46. Rd1
Rf3+ 47. Ka4 b3+ 48. Ka3 bxa2+ 49. Kxa2 Ra4+ 50. Kb1 Rb4 51. Rexd5 a4 52. Rg1+
Kf8 53. Rd6 h5 54. Rg2 h4 55. Rd7 Rf7 56. Rd8+ Ke7 57. Ra8 Ke6 58. Ra6+ Ke5 59.
Re2+ Kf5 60. Rf2+ Rf4 61. Rxf4+ Kxf4 62. Rxa4+ Kg3 63. Ra8 Rf4 64. Rg8+ Rg4 65.
Rh8 h3 66. Kc2 h2 67. Rxh2 Kxh2 68. Kc3 Kg3 69. b4 Kf4 70. Kd4 Kf5+ 71. Kc5 Ke6 0-1

[Event "SPICE Cup Open 2018"]
[Site "Saint Louis USA"]
[Date "2018.10.23"]
[Round "1.17"]
[White "Escalante Ramirez, Brian Sebasti"]
[Black "Polavaram, Rithik"]
[Result "1-0"]
[WhiteTitle "IM"]
[WhiteElo "2442"]
[BlackElo "2069"]
[WhiteFideId "3819566"]
[BlackFideId "2081997"]
[EventDate "2018.10.23"]
[EventType "swiss"]

1. e4 e5 2. Nf3 Nc6 3. d4 exd4 4. Nxd4 Nf6 5. Nxc6 bxc6 6. Qe2 Bb4+ 7. c3 Be7 8.
e5 Nd5 9. c4 Nb6 10. Qc2 d5 11. exd6 cxd6 12. Bd3 g6 13. Bh6 Bf8 14. Bxf8 Kxf8
15. O-O Kg7 16. Nd2 d5 17. c5 Nd7 18. b4 Ne5 19. Nb3 Qf6 20. Rfe1 h5 21. Bf1 Bf5
22. Qc3 Rae8 23. f4 Nd3 24. Qxf6+ Kxf6 25. Bxd3 Bxd3 26. Nd4 Rc8 27. Re3 Be4 28.
Ra3 Rc7 29. Ra6 Rhc8 30. b5 Bd3 31. a4 Ke7 32. Nxc6+ Rxc6 33. Rxc6 Rxc6 34. bxc6
Kd8 35. Kf2 Kc7 36. Ke3 Be4 37. Ra2 Kxc6 38. Kd4 Bf5 39. Rb2 Be6 40. Rb8 Bd7 41.
Rf8 Be6 42. Rd8 Kb7 43. h4 Kc6 44. Rd6+ Kc7 45. Ra6 Kb7 46. Rd6 Kc7 47. Rxd5
Bxd5 48. Kxd5 f5 49. c6 a6 50. Kc5 Kc8 51. Kb6 Kb8 52. c7+ Kc8 53. Kc6 a5 54.
Kb6 Kd7 55. Kb7 Kd6 56. c8=Q 1-0

[Event "SPICE Cup Open 2018"]
[Site "Saint Louis USA"]
[Date "2018.10.23"]
[Round "1.18"]
[White "Gosdin, Kaleb"]
[Black "Ostrovskiy, Aleksandr"]
[Result "1/2-1/2"]
[BlackTitle "IM"]
[WhiteElo "2029"]
[BlackElo "2423"]
[WhiteFideId "30920442"]
[BlackFideId "2034239"]
[EventDate "2018.10.23"]
[EventType "swiss"]

1. d4 d5 2. c4 e6 3. Nc3 Bb4 4. a3 Bxc3+ 5. bxc3 Nf6 6. e3 c6 7. a4 O-O 8. Nf3
b6 9. cxd5 cxd5 10. Ba3 Re8 11. Bb5 Bd7 12. Bd3 Nc6 13. O-O e5 14. dxe5 Nxe5 15.
Nxe5 Rxe5 16. a5 Bc6 17. axb6 axb6 18. Bb2 Rc8 19. Ba6 Rb8 20. c4 Rg5 21. f3
dxc4 22. Qxd8+ Rxd8 23. Bxc4 Bb5 24. Bxb5 Rxb5 25. Bd4 h6 26. Rfb1 Rxb1+ 27.
Rxb1 Nd7 28. Kf2 1/2-1/2

[Event "SPICE Cup Open 2018"]
[Site "Saint Louis USA"]
[Date "2018.10.23"]
[Round "1.19"]
[White "Santarius, Erik"]
[Black "Shoykhet, Benjamin"]
[Result "1-0"]
[WhiteTitle "IM"]
[WhiteElo "2404"]
[BlackElo "1855"]
[WhiteFideId "2025817"]
[BlackFideId "30919746"]
[EventDate "2018.10.23"]
[EventType "swiss"]

1. d4 Nf6 2. c4 c5 3. d5 e6 4. g3 exd5 5. cxd5 d6 6. Nc3 g6 7. Bg2 Bg7 8. Nf3
O-O 9. O-O Re8 10. Nd2 a6 11. a4 Nbd7 12. h3 Rb8 13. a5 b5 14. axb6 Nxb6 15. Qc2
Bd7 16. Re1 Bb5 17. Ra2 Nfd7 18. b3 Ne5 19. Rd1 Ned7 20. Nde4 Nf6 21. Bg5 Nxe4
22. Nxe4 Qc7 23. Bf4 Rbd8 24. Qc1 Nc8 25. Bg5 f5 26. Bxd8 Qxd8 27. Ng5 Bh6 28.
Nf7 Bxc1 29. Nxd8 Bg5 30. Ne6 Bf6 31. e3 Re7 32. Bf1 Kf7 33. Bxb5 axb5 34. Ra8
Re8 35. Nc7 Rd8 36. Nxb5 Ke7 37. Na7 Nxa7 38. Rxa7+ Rd7 39. Rxd7+ Kxd7 40. Kf1
Kc7 41. Ke2 Kb6 42. Rc1 Kb5 43. Rc4 h5 44. h4 Be5 45. f4 Bg7 46. Ra4 Bb2 47. Kd3 1-0

[Event "SPICE Cup Open 2018"]
[Site "Saint Louis USA"]
[Date "2018.10.24"]
[Round "2.1"]
[White "Liang, Awonder"]
[Black "Cori, Jorge"]
[Result "1-0"]
[WhiteTitle "GM"]
[BlackTitle "GM"]
[WhiteElo "2572"]
[BlackElo "2664"]
[WhiteFideId "2056437"]
[BlackFideId "3802272"]
[EventDate "2018.10.23"]
[EventType "swiss"]

1. e4 c5 2. Nf3 e6 3. d4 cxd4 4. Nxd4 Nc6 5. Nc3 Qc7 6. Be3 a6 7. Qf3 Nf6 8.
O-O-O d6 9. Be2 Be7 10. Qg3 O-O 11. f4 Kh8 12. Kb1 Bd7 13. Nf3 Rac8 14. Rd2 d5
15. e5 Ne8 16. Qh3 f5 17. g4 fxg4 18. Qxg4 Bb4 19. Ng5 Ne7 20. Qh5 h6 21. Nf7+
Kg8 22. Nxh6+ gxh6 23. Rg1+ Ng7 24. Rxg7+ Kxg7 25. Bd3 Rh8 26. Qh4 Ng8 27. Rg2+
Kf8 28. Qg4 Be8 29. a3 h5 30. Qg5 Bxa3 31. Nxd5 exd5 32. Qf5+ Bf7 33. e6 Re8 34.
exf7 Qxf7 35. Qxf7+ Kxf7 36. Bg6+ Kf8 37. Bxe8 Be7 38. Bd7 Rh6 39. f5 Rh7 40.
Be6 Nf6 41. Rg6 Ke8 42. Bd4 Nd7 43. Bg8 1-0

[Event "SPICE Cup Open 2018"]
[Site "Saint Louis USA"]
[Date "2018.10.24"]
[Round "2.2"]
[White "Bruzon Batista, Lazaro"]
[Black "Chandra, Akshat"]
[Result "1-0"]
[WhiteTitle "GM"]
[BlackTitle "GM"]
[WhiteElo "2653"]
[BlackElo "2471"]
[WhiteFideId "3503739"]
[BlackFideId "25006711"]
[EventDate "2018.10.23"]
[EventType "swiss"]

1. c4 e5 2. Nc3 Nf6 3. Nf3 Nc6 4. e3 Bb4 5. Qc2 Bxc3 6. Qxc3 Qe7 7. d4 Ne4 8.
Qd3 exd4 9. Nxd4 O-O 10. Be2 Qb4+ 11. Kf1 Qe7 12. f3 f5 13. Kg1 Nc5 14. Qc3 d6
15. Nxc6 bxc6 16. b3 Nd7 17. Kf2 c5 18. Rf1 Bb7 19. Bb2 Rae8 20. Rae1 Rf6 21.
Bd1 Rg6 22. Kg1 Re6 23. Bc2 Rf8 24. b4 cxb4 25. Qxb4 Ba6 26. Qc3 Nb6 27. e4 f4
28. c5 dxc5 29. Bb3 c4 30. Bc2 Nd7 31. Rd1 Ne5 32. Rd5 Re8 33. Rfd1 Nd3 34. Ba1
Rg6 35. Ra5 Rb6 36. h3 Nb4 37. Bb1 c5 38. a3 Qb7 39. axb4 cxb4 40. Qd4 c3 41. e5
Qc7 42. Rc5 Qe7 43. Be4 h6 44. Rd5 Rbb8 45. Rd6 Bc8 46. e6 Kh8 47. Bg6 Rf8 48.
Bf7 a5 49. Bxc3 bxc3 50. Qxc3 Bxe6 51. Bxe6 Rf6 52. Qc6 a4 53. Bc4 Rf5 54. Re6
Qa7+ 55. Kh2 Rff8 56. Rd7 1-0